Movies Quiz

Random Movies or Actress Quiz

Train Movies Quiz Stats

 Plays Quiz not verified by Sporcle

Challenge
Share
Tweet
Embed
Score 0/22 Timer 07:00
0 Plays Today
Actor/Actress Movie % Correct
Tom HanksThe Polar Express
74.8%
Steve Martin, John CandyPlanes, Trains and Automobiles
61.7%
Billy Crystal, Danny DeVitoThrow Momma from the Train
55.1%
Albert FinneyMurder on the Orient Express
50.5%
Sean ConneryFrom Russia with Love
46.7%
Farley Granger, Ruth RomanStrangers on a Train
41.1%
Buster KeatonThe General
37.4%
Ethan Hawke, Julie DelpyBefore Sunrise
35.5%
Omar Sharif, Julie ChristieDoctor Zhivago
33.6%
Keanu Reeves, Dennis Hopper, Sandra BullockSpeed
33.6%
Gene Wilder, Richard PryorSilver Streak
30.8%
Actor/Actress Movie % Correct
A.C. AbadieThe Great Train Robbery
29.9%
Walter Mathau, Robert ShawThe Taking of Pelham One Two Three
28%
Steven SeagalUnder Siege 2: Dark Territory
25.2%
Paul Newman and Robert RedfordSting
23.4%
Jon Voight, Rebecca De MornayRunaway Train
16.8%
Margaret Lockwood, Michael RedgraveThe Lady Vanishes
13.1%
Woody Harrelson, Emily MortimerTranssiberian
10.3%
A.J. Castro, Julia RuizSnakes on a Train
9.3%
Charles BronsonBreakheart Pass
8.4%
Jamie Lee Curtis, Ben JohnsonTerror Train
8.4%
Lee Marvin, Ernest BorgnineEmperor of the North Pole
7.5%

You're not logged in!

Compare scores with friends on all Sporcle quizzes.
Join for Free
OR
Log In

You Might Also Like...

Show Comments

Extras

Top Quizzes Today


Score Distribution

Your Account Isn't Verified!

In order to create a playlist on Sporcle, you need to verify the email address you used during registration. Go to your Sporcle Settings to finish the process.

Report this User

Report this user for behavior that violates our Community Guidelines.

Details: